Tytuły filmów z angielskiego na polski - Statystyki

Ogólne statystyki
  • Ten quiz został rozwiązany 55 razy
  • Średni wynik to 9 z 14
Statystyki odpowiedzi
Movie Rok Film % Poprawnych
Back to the Future 1985 Powrót do przyszłości
94%
The Fast and the Furious 2001 Szybcy i wściekli
92%
Home Alone 1990 Kevin sam w domu
90%
The Godfather 1971 Ojciec chrzestny
88%
Scary Movie 2000 Straszny film
88%
Frozen 2013 Kraina lodu
85%
Pirates of the Caribbean: The Curse of the Black Pearl 2003 Piraci z Karaibów: Klątwa Czarnej Perły
79%
Zootopia 2016 Zwierzogród
73%
Ghostbusters 1984 Pogromcy duchów
71%
The Hangover 2009 Kac Vegas
58%
Die Hard 1988 Szklana pułapka
40%
Shutter Island 2010 Wyspa tajemnic
33%
Day of the Wacko 2002 Dzień świra
21%
Forgotten Love 2023 Znachor
4%
Nie znaleziono quizów pasujących do podanych kryteriów
Rozkład punktacji
Procent ludzi z każdym wynikiem
Percentyl według liczby udzielonych odpowiedzi
Twoja historia wyników
Nie rozwiązałeś tego quizu